000 02386njm0a2200445 4500
001 RU\NLR\ONIZ\212855
005 20260406141247.0
035 _a(NLR Aleph) 010892348
071 0 0 _aСМ 04207-8
090 _a13283288
_c13283288
100 _a20151021d1982 |||y0rusy50 ca
102 _aRU
126 _aabuxexu ux
_bxxx
127 _a000048
135 _ahonoannnanndn
200 1 _aКонцерт для скрипки с оркестром
_bЗвукозапись
_eре мин.
_eсоч. 47
_aКонцерт № 2 для скрипки с орк.
_eсоль мин.
_eсоч. 63.
_fЯ. Сибелиус
_gисполн.: Лондонский симфонический оркестр, дир. Г. Рождественский
210 _aМ.
_cМелодия
_d1982
215 _a1 грп. (48 мин): 33 об/мин, стерео; 30 см. в конв.
_eкоммент. на конв.
606 1 _aКонцерты для скрипки с оркестром
_xЗвукозапись
_yФинляндия
_z19-20 вв.
_2nlr_sh
606 1 _xЗвукозапись
_aКонцерты для скрипки с оркестром
_yРоссия
_z20 век
_2nlr_sh
686 _aЩ955.4-042я43(4Фн)
_vLBC/SL
_2rubbk
700 1 _9z01790
_aСибелиус
_bЯ.
_f1865-1957
_gЯн
_4230
_7ca
702 1 _4070
_8rus
_7ca
_aПрокофьев
_bС. С.
_cкомпозитор
_f1891-1953
_gСергей Сергеевич
_3RU\NLR\AUTH\773397
_9113393
702 1 _9z08790
_aРождественский
_bГ. Н.
_f1931-2018
_gГеннадий Николаевич
_4250
_7ca
702 1 _9z09790
_aШеринг
_bГ.
_cскрипка
_f1918-1988
_gГенрик
_4590
_4svl
_7ca
712 0 2 _aЛондонский симфонический оркестр
_4590
_7ca
790 1 _9z01700
_aSibelius
_bJ.
_f1865-1957
_gJean
_4230
_7ba
790 1 _4230
_7ba
_8rus
_aProkof'ev
_bS. S.
_cкомпозитор
_f1891-1953
_gSergej Sergeevič
_9241900
_3RU\NLR\AUTH\770241956
790 1 _9z08702
_aRozhdestvenskij
_bG. N.
_f1931-2018
_gGennadij Nikolaevich
_4250
_7ba
790 1 _9z09702
_aSzeryng
_bH.
_f1918-1988
_gHenryk
_4590
_4svl
_7ba
801 0 _aRU
_bAZ
_c20151021
_gPSBO
801 1 _aRU
_bAZ
_c20151021
_2rusmarc
801 2 _aRU
_bAZ
_c20151105
852 _aNLR
_bМг
_j3/8161
_p38232
_t1
852 _aNLR
_bМг
_j3/1910
_p10294
_t2
942 _cREC
980 _aNB
980 _aONIZ